|
|
|
|
| LEADER |
01030cam a2200397 i 4500 |
| 001 |
000045176 |
| 003 |
4307 |
| 005 |
20030226085540.0 |
| 008 |
010220|1997 vm 000 eng |
| 020 |
|
|
|a 0471138312
|
| 040 |
|
|
|a IRC
|c IRC
|d IRC
|
| 041 |
0 |
|
|a eng
|
| 082 |
1 |
4 |
|a 337
|b WA-T
|
| 100 |
1 |
|
|a Walther, Ted.
|
| 245 |
0 |
4 |
|a The world economy /
|c Ted Walther.
|
| 260 |
|
|
|a New York :
|b John Wiley and Sons,
|c 1997.
|
| 300 |
|
|
|a xviii, 419p. :
|b ill.
|
| 630 |
0 |
4 |
|a Economy.
|
| 650 |
0 |
4 |
|a International trade.
|
| 650 |
0 |
4 |
|a Commercial policy.
|
| 650 |
0 |
4 |
|a International economic relations.
|
| 650 |
0 |
4 |
|a International finance.
|
| 650 |
0 |
4 |
|a Foreign exchange.
|
| 650 |
0 |
4 |
|a International economic integration.
|
| 650 |
0 |
4 |
|a Balance of payments.
|
| 650 |
0 |
4 |
|a Debts, Public.
|
| OWN |
|
|
|a DUT
|
| 999 |
|
|
|a From the UDN01
|
| TYP |
|
|
|a Monograph
|
| TYP |
|
|
|a Printed language
|
| 980 |
|
|
|a Mạng thư viện Đại học Đà Nẵng
|